US States Without an NHL team - Statistics

General Stats
  • This quiz has been taken 40 times
  • The average score is 28 of 32
Answer Stats
Answer % Correct
Maine
97%
Alabama
94%
South Carolina
94%
Vermont
94%
Wyoming
94%
Idaho
91%
Kentucky
91%
Montana
91%
New Hampshire
91%
Rhode Island
91%
South Dakota
91%
Alaska
88%
Connecticut
88%
Hawaii
88%
Iowa
88%
Mississippi
88%
New Mexico
88%
North Dakota
88%
Oregon
88%
West Virginia
88%
Delaware
84%
Indiana
84%
Louisiana
84%
Arizona
81%
Arkansas
81%
Georgia
81%
Kansas
81%
Maryland
81%
Nebraska
81%
Oklahoma
81%
Wisconsin
81%
Virginia
78%
No matching quizzes found
Score Distribution
Percent of People with Each Score
Percentile by Number Answered
Your Score History
You have not taken this quiz